000
00349 a2200169 4500
001
195283
020
_a
978-85-08-11355-2
040
_c
Magnum
100
_a
Junqueira, Sonia
240
1
0
_a
A foca famosa
_l
por
245
1
0
_a
A foca famosa
300
_a
23
362
0
_a
2007
440
1
_a
Ática
697
_a
LITERATURA INFANTIL
942
_c
BK
999
_c
195283
_d
195283